Marcatori della Lazio in UEFA Europa League 2011-2012 - Statistics

Statistiche generali
  • Questo quiz è stato fatto 4 volte
  • Il punteggio medio è 5 su 8
Statistiche sulle risposte
Partita Minuto Marcatore % Corretto
Sporting Lisbona - Lazio 2-1 40' Miroslav Klose
100%
Lazio - Atletico Madrid 1-3 19' Miroslav Klose
100%
Lazio - Vaslui 2-2 71' Giuseppe Sculli
75%
Zurigo - Lazio 1-1 22' Giuseppe Sculli
75%
Lazio - Sporting Lisbona 2-0 55' Giuseppe Sculli
75%
Lazio - Sporting Lisbona 2-0 42' Libor Kozák
50%
Lazio - Zurigo 62' Cristian Brocchi
0%
Lazio - Vaslui 2-2 35' Djibril Cissé
0%
Nessun quiz corrispondente trovato
Distribuzione punteggi
Percentuale di utenti per punteggio
Percentile per numero di risposta
I tuoi punteggi nel tempo
Non hai fatto questo quiz